| 000 | 00612nam a2200217Ia 4500 | ||
|---|---|---|---|
| 003 | GCL | ||
| 008 | 140319s9999 xx 000 0 ara d | ||
| 040 |
_aGCL / _cGCL |
||
| 082 | 0 | 4 |
_a253.902 _bم م |
| 100 | 1 | _aمحمد ابوزهرة | |
| 245 | 1 | 0 |
_aمحاضرات فى الوقف / _cمحمد ابوزهرة |
| 300 | _a432 ص | ||
| 490 | _a | ||
| 650 | 0 | 4 | _aالوقف |
| 650 | 0 | 4 | _aالمعاملات |
| 650 | 0 | 4 | _aالمعاملات (فقه أسلامى) |
| 650 | 0 | 4 | _aالولاية على المال |
| 650 | 0 | 4 | _aالاراضى - وقف |
| 650 | 0 | 4 | _aالبر والاحسان |
| 942 |
_2ddc _cBK |
||
| 999 |
_c39661 _d39661 |
||